ARRUPE JESUIT UNIVERSITY

CORONAVIRUS -STOP THE SPREAD - CLEAN,DISINFECT,COVER

Risk (Record no. 124273)

MARC details
000 -LEADER
fixed length control field 00524nam a22001577a 4500
008 - FIXED-LENGTH DATA ELEMENTS--GENERAL INFORMATION
fixed length control field 160301b xxu||||| |||| 00| 0 eng d
020 ## - INTERNATIONAL STANDARD BOOK NUMBER
International Standard Book Number 0-8191-2270-X
050 ## - LIBRARY OF CONGRESS CALL NUMBER
Classification number HB615.R47 1983
100 ## - MAIN ENTRY--PERSONAL NAME
Personal name Rescher, Nicholas
9 (RLIN) 22643
245 ## - TITLE STATEMENT
Title Risk
Remainder of title Aphilosophical introduction to the theory of risk evaluation and management
Statement of responsibility, etc Nicholas Rescher
260 ## - PUBLICATION, DISTRIBUTION, ETC. (IMPRINT)
Place of publication, distribution, etc Washington
Name of publisher, distributor, etc University Press of America
Date of publication, distribution, etc 1983
300 ## - PHYSICAL DESCRIPTION
Extent vii, 208p. ;
Dimensions 22cm.
650 ## - SUBJECT ADDED ENTRY--TOPICAL TERM
Topical term or geographic name as entry element Risk
9 (RLIN) 22644
650 ## - SUBJECT ADDED ENTRY--TOPICAL TERM
Topical term or geographic name as entry element Risk management
9 (RLIN) 22645
942 ## - ADDED ENTRY ELEMENTS (KOHA)
Source of classification or shelving scheme Library of Congress Classification
Item type Monograph ( Printed materials)
Holdings
Withdrawn status Lost status Source of classification or shelving scheme Damaged status Not for loan Collection code Home library Current library Shelving location Date acquired Total Checkouts Full call number Barcode Date last seen Price effective from Koha item type
    Library of Congress Classification     Main Collection ARRUPE LIBRARY ARRUPE LIBRARY Main Collection 01/03/2016   HB615.R47 1983 46500006251 23/04/2018 01/03/2016 Monograph ( Printed materials)

 

Arrupe Library. PO Box MP320 Mt Pleasant, Harare, Zimbabwe
263 242 745411|librarian@aju.ac.zw